| Tag |
First Indicator |
Second Indicator |
Subfields |
| LEADER |
00000cam a2200000 a 4500 |
| 001 |
in00000013525 |
| 005 |
20151007052507.0 |
| 008 |
860626s1987 nyu j 00011 eng |
| 010 |
|
|
|a 86045497
|
| 020 |
|
|
|a 0060213310 :
|c $12.95
|
| 020 |
|
|
|a 0060213329 (lib. bdg.) :
|c $11.89
|
| 035 |
|
|
|a (OCoLC)13861289
|
| 035 |
|
|
|9 AAA8015AM
|
| 040 |
|
|
|a DLC
|c DLC
|d UtOrBLW
|
| 049 |
|
|
|a [Curr Col] TXAM
|c [A11486711]
|
| 050 |
0 |
0 |
|a PZ7.C76476
|b Wh 1987
|
| 082 |
0 |
|
|a [Fic]
|2 19
|
| 100 |
1 |
|
|a Conrad, Pam.
|
| 245 |
1 |
0 |
|a What I did for Roman /
|c Pam Conrad.
|
| 250 |
|
|
|a 1st ed.
|
| 264 |
|
1 |
|a New York :
|b Harper & Row,
|c [1987]
|
| 264 |
|
4 |
|c ©1987
|
| 300 |
|
|
|a 218 pages ;
|c 22 cm.
|
| 336 |
|
|
|a text
|b txt
|2 rdacontent
|
| 337 |
|
|
|a unmediated
|b n
|2 rdamedia
|
| 338 |
|
|
|a volume
|b nc
|2 rdacarrier
|
| 520 |
|
|
|a With her mother away on a honeymoon in Europe, fifteen-year-old Darcie spends the summer with her dour uncle and his wife, restaurateurs in a zoo where Darcie begins a search for the father she has never known and develops a crush on a mysterious seal and bird keeper who leads her into a test with death.
|
| 999 |
|
|
|a MARS
|
| 999 |
f |
f |
|s 03a9844a-2150-39ca-86a6-77e1515f7dfd
|i 1f170a20-997e-35fd-8a90-ab7fb75d6bf8
|t 0
|
| 952 |
f |
f |
|p normal
|a Texas A&M University
|b College Station
|c Sterling C. Evans Library
|d Evans: Curriculum Collection (4th floor)
|t 0
|e PZ7.C76476 Wh 1987
|h Library of Congress classification
|i unmediated -- volume
|m A14811486711
|
| 998 |
f |
f |
|a PZ7.C76476 Wh 1987
|t 0
|l Evans: Curriculum Collection (4th floor)
|